| 000 | 00692nam a22002297a 4500 | ||
|---|---|---|---|
| 005 | 20170124110251.0 | ||
| 010 | _aA-953332 | ||
| 020 | _c00.00 | ||
| 035 | _aA-953332 | ||
| 037 | _bCen Lib/Ret | ||
| 040 |
_aDPL _bEN |
||
| 082 |
_a881 _bHIG |
||
| 110 |
_aCalcutta.West Bengal Council of Higher Secondary Education _999005 |
||
| 245 |
_aHigher secondary English selections : _bpoems and plays / |
||
| 250 | _a3rd ed. | ||
| 260 |
_aCalcutta _bVisva-Bharati Publishing _c1998 |
||
| 270 |
_a6 Acharya Prafulla Chandra Road _bCalcutta |
||
| 300 |
_a148p. _c21cm(Hb) |
||
| 650 |
_aEnglish Poems _923715 |
||
| 650 |
_aEnglish Plays _9104505 |
||
| 942 |
_2ddc _cEN _h881 _mHIG |
||
| 999 |
_c135882 _d135882 |
||